الصعيد في عهد شيخ العرب همام / (Record no. 6223)

MARC details
000 -الفاتح
حقل البيانات ثابتة الطول 01314nac a22002891i 4500
003 - محدد رقم الضبط
رقم الضبط EG-ScBUE
005 - وقت وتاريخ اخر تعامل مع التسجيلة
رقم الضبط 20240715094837.0
008 - عناصر البيانات ثابتة الطول - معلومات عامة
حقل البيانات ثابتة الطول 121015s1987 ua f b 001 0dara d
017 ## - رقم الإيداع القانونى
رقم الإيداع القانونى 1987 / 5440
020 ## - الرقم الدولى المعيارى للكتب
الرقم الدولى المعيارى للكتاب 9770114936
040 ## - مصدر الفهرسة
وكالة الفهرسة الأصلية EG-ScBUE
لغة الفهرسة ara
قواعد الوصف rda
وكالة النسخ EG-ScBUE
وكالة التعديل EG-ScBUE
043 ## - رمز المنطقة الجغرافية
رمز المنطقة الجغرافية f-ua---
082 04 - رقم تصنيف ديوى العشرى
رقم التصنيف 962.03
رقم المادة أ ح م
رقم الطبعة 22
100 1# - المدخل الرئيسى - إسم شخصى
الإسم الشخصى أحمد، ليلى عبد اللطيف،
الدور مؤلف.
9 (RLIN) 31116
245 12 - بيان العنوان
العنوان الصعيد في عهد شيخ العرب همام /
بيان المسئوليه,etc دكتورة ليلى عبد اللطيف أحمد، أستاذ التاريخ الحديث والمعاصر المساعد بكلية الدراسات الإنسانية، جامعة الأزهر، فرع البنات.
264 #1 - النشر، التوزيع
مكان الناشر او الموزع القاهرة :
اسم الناشر او الموزع الهيئة المصرية العامة للكتاب،
تاريخ النشر أو التوزيع 1987.
300 ## - الوصف المادى
التعداد 204 صفحة :
تفاصيل ماديه اخرى للوعاء إيضاحيات ؛
أبعاد الوعاء 24 سم.
336 ## - نوع المحتوى
source rdacontent
Carrier Type Term نص
Content Type Code txt
337 ## - نوع الوسيط
Media Type Term بدون وسيط
source rdamedia
Media Type Code n
338 ## - نوع الحامل أو الناقل
Carrier Type Term مجلد
Carrier Type Code nc
source rdacarrier
490 0# - بيان السلسلة
عنوان السلسلة المكتبة العربية
504 ## - تبصرة ببليوجرافية
تبصرة ببليوجرافية,الخ يشتمل على إرجاعات ببليوجرافية وكشافات.
600 07 - المدخل الاضافى بالموضوع-اسم شخصى
الإسم الشخصى همام بن يوسف،
التواريخ المصاحبة للاسم ت. 1183 هـ.‏.
مصدر الرأس أو المصطلح BUEsh
651 #7 - المدخل الاضافى بالموضوع - اسم جغرافى
الاسم الجغرافي مصر
التقسيم الفرعي العام تاريخ
التقسيم الفرعي الزمني العصر العثماني.
مصدر الرأس أو المصطلح BUEsh
9 (RLIN) 31119
655 ## - مصطلح تكشيفى-نوع/شكل
التقسيم الفرعي الشكلي Reading book
942 ## - عناصر المدخل الإضافي( كوها)
Koha [default] item type Book - Borrowing
مصدر التصنيف او مخطط الترفيف Dewey Decimal Classification
Holdings
حالة التراجع حالة الفقد مصدر التصنيف او خطة الترفيف حالة تلف ليس للاعارة مجموعات كوها المكان الدائم المكان الحالي موقع الترفيف تاريخ الاكتساب Source of acquisition رقم الاستدعاء الباركود Date last seen نوع الوعاء
    Dewey Decimal Classification     Alef-Baa Central Library Central Library Second Floor 18/11/2007 Purchase 962.03 أ ح م 000007811 15/07/2025 Book - Borrowing